[Event "Villarobledo Online Qualifyer"]
[Site "playchess.com #155672"]
[Date "2009.05.23"]
[Round "12"]
[White "Schnickschnack"]
[Black "Steflenicois"]
[Result "1/2-1/2"]
[WhiteElo "2092"]
[BlackElo "2414"]
[PlyCount "110"]
[EventDate "2009.05.23"]
[EventType "swiss (blitz)"]

1. c4 {[%emt 0:00:02]} c6 {[%emt 0:00:01]} 2. Nc3 {[%emt 0:00:01]} d5 {[%emt 0:
00:00]} 3. d4 {[%emt 0:00:01]} Nf6 {[%emt 0:00:01]} 4. Nf3 {[%emt 0:00:01]}
dxc4 {[%emt 0:00:17]} 5. a4 {[%emt 0:00:02]} Bf5 {[%emt 0:00:01]} 6. e3 {[%emt
0:00:01]} e6 {[%emt 0:00:00]} 7. Bxc4 {[%emt 0:00:01]} Nbd7 {[%emt 0:00:00]} 8.
O-O {[%emt 0:00:01]} Bb4 {[%emt 0:00:00]} 9. Qe2 {[%emt 0:00:03]} O-O {[%emt 0:
00:02]} 10. e4 {[%emt 0:00:02]} Bg4 {[%emt 0:00:00]} 11. e5 {[%emt 0:00:07]}
Nd5 {[%emt 0:00:01]} 12. Nxd5 {[%emt 0:00:01]} cxd5 {[%emt 0:00:01]} 13. Bd3 {
[%emt 0:00:01]} Re8 {[%emt 0:00:02]} 14. Qe3 {[%emt 0:00:05]} Nf8 {[%emt 0:00:
01]} 15. h3 {[%emt 0:00:07]} Bh5 {[%emt 0:00:02]} 16. Bd2 {[%emt 0:00:05]} Qa5
{[%emt 0:00:02]} 17. g4 {[%emt 0:00:10]} Bg6 {[%emt 0:00:01]} 18. Bb5 {[%emt 0:
00:03]} Rec8 {[%emt 0:00:03]} 19. Rfc1 {[%emt 0:00:07]} a6 {[%emt 0:00:02]} 20.
Bf1 {[%emt 0:00:12]} Bxd2 {[%emt 0:00:01]} 21. Nxd2 {[%emt 0:00:08]} Qb6 {
[%emt 0:00:01]} 22. Nb3 {[%emt 0:00:23]} Rc6 {[%emt 0:00:04]} 23. Rxc6 {[%emt
0:00:06]} Qxc6 {[%emt 0:00:00]} 24. Rc1 {[%emt 0:00:09]} Qxa4 {[%emt 0:00:01]}
25. Nc5 {[%emt 0:00:05]} Qc6 {[%emt 0:00:02]} 26. Nxa6 {[%emt 0:00:07]} Qb6 {
[%emt 0:00:05]} 27. Nc7 {[%emt 0:00:20]} Rc8 {[%emt 0:00:01]} 28. Nb5 {[%emt 0:
00:03]} Rxc1 {[%emt 0:00:01]} 29. Qxc1 {[%emt 0:00:01]} h5 {[%emt 0:00:00]} 30.
Be2 {[%emt 0:00:11]} hxg4 {[%emt 0:00:01]} 31. hxg4 {[%emt 0:00:01]} Be4 {
[%emt 0:00:01]} 32. Qc5 {[%emt 0:00:08]} Qa5 {[%emt 0:00:03]} 33. Qc1 {[%emt 0:
00:40]} Qd8 {[%emt 0:00:02]} 34. Nc3 {[%emt 0:00:03]} Bg6 {[%emt 0:00:04]} 35.
Qf4 {[%emt 0:00:03]} Qa8 {[%emt 0:00:01]} 36. Kg2 {[%emt 0:00:02]} Qa1 {[%emt
0:00:01]} 37. Qd2 {[%emt 0:00:01]} Qa8 {[%emt 0:00:01]} 38. Bf3 {[%emt 0:00:02]
} Qc8 {[%emt 0:00:01]} 39. Nb5 {[%emt 0:00:05]} Nd7 {[%emt 0:00:02]} 40. Nd6 {
[%emt 0:00:01]} Qc6 {[%emt 0:00:01]} 41. Be2 {[%emt 0:00:04]} Nb6 {[%emt 0:00:
02]} 42. Bb5 {[%emt 0:00:02]} Qc7 {[%emt 0:00:02]} 43. Ne8 {[%emt 0:00:03]} Qe7
{[%emt 0:00:02]} 44. Nd6 {[%emt 0:00:03]} Qc7 {[%emt 0:00:02]} 45. Qc3 {[%emt
0:00:03]} Qb8 {[%emt 0:00:09]} 46. Qc5 {[%emt 0:00:04]} Qa7 {[%emt 0:00:13]}
47. Qc7 {[%emt 0:00:03]} Na4 {[%emt 0:00:11]} 48. Qd8+ {[%emt 0:00:06]} Kh7 {
[%emt 0:00:02]} 49. Qh4+ {[%emt 0:00:01]} Kg8 {[%emt 0:00:04]} 50. Qd8+ {[%emt
0:00:11]} Kh7 {[%emt 0:00:03]} 51. Bxa4 {[%emt 0:00:04]} Qxd4 {[%emt 0:00:12] '
} 52. Qh4+ {[%emt 0:00:01]} Kg8 {[%emt 0:00:01]} 53. Qd8+ {[%emt 0:00:01]} Kh7
{[%emt 0:00:00]} 54. Qh4+ {[%emt 0:00:01]} Kg8 {[%emt 0:00:16]} 55. Qd8+ {
[%emt 0:00:01]} Kh7 {[%emt 0:00:01]} 1/2-1/2

[Event "Villarobledo Online Qualifyer"]
[Site "playchess.com #155672"]
[Date "2009.05.23"]
[Round "12"]
[White "Yang Guo"]
[Black "Artur95"]
[Result "1-0"]
[WhiteElo "2838"]
[BlackElo "2423"]
[PlyCount "95"]
[EventDate "2009.05.23"]
[EventType "swiss (blitz)"]

1. e4 {[%emt 0:00:03] Artur95 ïðåäëàãàåò íè~~üo^} c5 {[%emt 0:00:01]} 2. Nf3 {
[%emt 0:00:01]} d6 {[%emt 0:00:00]} 3. d4 {[%emt 0:00:01]} cxd4 {[%emt 0:00:00]
} 4. Qxd4 {[%emt 0:00:00]} Nc6 {[%emt 0:00:01]} 5. Bb5 {[%emt 0:00:02]} Bd7 {
[%emt 0:00:00]} 6. Bxc6 {[%emt 0:00:03]} Bxc6 {[%emt 0:00:00]} 7. Nc3 {[%emt 0:
00:01]} Nf6 {[%emt 0:00:01]} 8. Bg5 {[%emt 0:00:01]} Nd7 {[%emt 0:00:00]} 9.
O-O-O {[%emt 0:00:02]} h6 {[%emt 0:00:00]} 10. Bh4 {[%emt 0:00:01]} Qb6 {[%emt
0:00:00]} 11. Qd2 {[%emt 0:00:08]} g5 {[%emt 0:00:04]} 12. Bg3 {[%emt 0:00:01]}
Bg7 {[%emt 0:00:01]} 13. Rhe1 {[%emt 0:00:29]} O-O {[%emt 0:00:18]} 14. h4 {
[%emt 0:00:08]} g4 {[%emt 0:00:01]} 15. Nh2 {[%emt 0:00:01]} Nf6 {[%emt 0:00:
23]} 16. f3 {[%emt 0:00:03]} gxf3 {[%emt 0:00:03]} 17. gxf3 {[%emt 0:00:00]}
Kh8 {[%emt 0:00:05]} 18. Bf4 {[%emt 0:00:08]} Kh7 {[%emt 0:00:03]} 19. Rg1 {
[%emt 0:00:02]} Nh5 {[%emt 0:00:12]} 20. Rxg7+ {[%emt 0:00:29]} Nxg7 {[%emt 0:
00:01]} 21. Bxh6 {[%emt 0:00:01]} f6 {[%emt 0:00:13]} 22. Ng4 {[%emt 0:00:13]}
Rh8 {[%emt 0:00:09]} 23. Be3 {[%emt 0:00:04]} Qa5 {[%emt 0:00:04]} 24. Rg1 {
[%emt 0:00:03]} Nh5 {[%emt 0:00:12]} 25. Bb6 {[%emt 0:00:43]} Qxb6 {[%emt 0:00:
16]} 26. Qh6+ {[%emt 0:00:02]} Kg8 {[%emt 0:00:01]} 27. Nxf6+ {[%emt 0:00:07]}
Kf7 {[%emt 0:00:02]} 28. Qg6+ {[%emt 0:00:05]} Ke6 {[%emt 0:00:04]} 29. Qf5+ {
[%emt 0:00:12]} Kf7 {[%emt 0:00:05]} 30. Nfd5+ {[%emt 0:00:06]} Nf6 {[%emt 0:
00:02]} 31. Nxb6 {[%emt 0:00:07]} axb6 {[%emt 0:00:00]} 32. Qf4 {[%emt 0:00:20]
} Rag8 {[%emt 0:00:02]} 33. Rxg8 {[%emt 0:00:03]} Rxg8 {[%emt 0:00:00]} 34. b3
{[%emt 0:00:01]} Rh8 {[%emt 0:00:01]} 35. Kb2 {[%emt 0:00:01]} Rh5 {[%emt 0:00:
01]} 36. Qg3 {[%emt 0:00:02]} e5 {[%emt 0:00:01]} 37. Qe1 {[%emt 0:00:02]} Rh7
{[%emt 0:00:01]} 38. Ne2 {[%emt 0:00:02]} Rg7 {[%emt 0:00:02]} 39. Ng3 {[%emt
0:00:01]} Ke6 {[%emt 0:00:02]} 40. Nf5 {[%emt 0:00:01]} Rh7 {[%emt 0:00:00]}
41. Qb4 {[%emt 0:00:09]} d5 {[%emt 0:00:02]} 42. Qd6+ {[%emt 0:00:01]} Kf7 {
[%emt 0:00:01]} 43. Qxe5 {[%emt 0:00:06]} dxe4 {[%emt 0:00:00]} 44. fxe4 {
[%emt 0:00:01]} Bxe4 {[%emt 0:00:01]} 45. Nd6+ {[%emt 0:00:01]} Kg6 {[%emt 0:
00:03]} 46. Nxe4 {[%emt 0:00:00]} Nxe4 {[%emt 0:00:06]} 47. Qxe4+ {[%emt 0:00:
00]} Kg7 {[%emt 0:00:01]} 48. a4 {[%emt 0:00:04] Artur95 ñäàåòñÿ} 1-0

[Event "Villarobledo Online Qualifyer"]
[Site "playchess.com #155672"]
[Date "2009.05.23"]
[Round "12"]
[White "Master of poker"]
[Black "Dominguez"]
[Result "1-0"]
[WhiteElo "2420"]
[BlackElo "2138"]
[PlyCount "89"]
[EventDate "2009.05.23"]
[EventType "swiss (blitz)"]

1. e4 {[%emt 0:00:01]} c5 {[%emt 0:00:01]} 2. Nf3 {[%emt 0:00:01]} Nc6 {[%emt
0:00:01]} 3. d4 {[%emt 0:00:00]} cxd4 {[%emt 0:00:01]} 4. Nxd4 {[%emt 0:00:00]}
Nf6 {[%emt 0:00:00]} 5. Nc3 {[%emt 0:00:01]} e5 {[%emt 0:00:01]} 6. Ndb5 {
[%emt 0:00:01]} d6 {[%emt 0:00:01]} 7. Nd5 {[%emt 0:00:01]} Nxd5 {[%emt 0:00:
02]} 8. exd5 {[%emt 0:00:00]} Nb8 {[%emt 0:00:00]} 9. c4 {[%emt 0:00:01]} Be7 {
[%emt 0:00:01]} 10. Bd3 {[%emt 0:00:04]} O-O {[%emt 0:00:02]} 11. O-O {[%emt 0:
00:00]} f5 {[%emt 0:00:03]} 12. f3 {[%emt 0:00:06]} Nd7 {[%emt 0:00:16]} 13.
Be3 {[%emt 0:00:12]} f4 {[%emt 0:00:02]} 14. Bf2 {[%emt 0:00:17]} a6 {[%emt 0:
00:06]} 15. Nc3 {[%emt 0:00:01]} Nc5 {[%emt 0:00:01]} 16. Ne4 {[%emt 0:00:05]}
Nxe4 {[%emt 0:00:06]} 17. Bxe4 {[%emt 0:00:01]} Bf5 {[%emt 0:00:05]} 18. Qc2 {
[%emt 0:00:09]} Bxe4 {[%emt 0:00:04]} 19. Qxe4 {[%emt 0:00:00]} Rc8 {[%emt 0:
00:09]} 20. Rac1 {[%emt 0:00:01]} Qa5 {[%emt 0:00:03]} 21. a3 {[%emt 0:00:03]}
b5 {[%emt 0:00:14]} 22. c5 {[%emt 0:00:13]} dxc5 {[%emt 0:00:05]} 23. d6 {
[%emt 0:00:01]} Bf6 {[%emt 0:00:02]} 24. Bxc5 {[%emt 0:00:06]} Rfd8 {[%emt 0:
00:24]} 25. b4 {[%emt 0:00:22]} Qa4 {[%emt 0:00:16]} 26. Qd5+ {[%emt 0:00:09]}
Kh8 {[%emt 0:00:02]} 27. Rfd1 {[%emt 0:00:01]} Qxa3 {[%emt 0:00:14]} 28. d7 {
[%emt 0:00:32]} Rb8 {[%emt 0:00:14]} 29. Ra1 {[%emt 0:00:19]} Qb2 {[%emt 0:00:
03]} 30. Rxa6 {[%emt 0:00:03]} e4 {[%emt 0:00:01]} 31. Qxe4 {[%emt 0:00:08]} h6
{[%emt 0:00:03]} 32. Re6 {[%emt 0:00:06]} Rxd7 {[%emt 0:00:21]} 33. Re8+ {
[%emt 0:00:16]} Rxe8 {[%emt 0:00:03]} 34. Qxe8+ {[%emt 0:00:00]} Kh7 {[%emt 0:
00:01]} 35. Qxd7 {[%emt 0:00:01]} Qe2 {[%emt 0:00:03]} 36. Qd3+ {[%emt 0:00:11]
} Qxd3 {[%emt 0:00:04]} 37. Rxd3 {[%emt 0:00:00]} Kg6 {[%emt 0:00:01]} 38. Kf2
{[%emt 0:00:03]} Kf5 {[%emt 0:00:01]} 39. Rd6 {[%emt 0:00:01]} Ke5 {[%emt 0:00:
02]} 40. Rb6 {[%emt 0:00:01]} Kd5 {[%emt 0:00:02]} 41. Rxb5 {[%emt 0:00:01]}
Kc4 {[%emt 0:00:00]} 42. Rb7 {[%emt 0:00:01]} Kd5 {[%emt 0:00:00]} 43. Rf7 {
[%emt 0:00:03]} Kc4 {[%emt 0:00:00]} 44. Rxf6 {[%emt 0:00:01]} Kb5 {[%emt 0:00:
00]} 45. Rg6 {[%emt 0:00:01] Dominguez resigns} 1-0

[Event "Villarobledo Online Qualifyer"]
[Site "playchess.com #155672"]
[Date "2009.05.23"]
[Round "12"]
[White "Krondor"]
[Black "Burim999"]
[Result "0-1"]
[WhiteElo "1524"]
[BlackElo "1588"]
[PlyCount "64"]
[EventDate "2009.05.23"]
[EventType "swiss (blitz)"]

1. d4 {[%emt 0:00:02]} d5 {[%emt 0:00:03]} 2. c4 {[%emt 0:00:02]} e6 {[%emt 0:
00:01]} 3. e3 {[%emt 0:00:03]} Nf6 {[%emt 0:00:02]} 4. Nc3 {[%emt 0:00:02]} Bb4
{[%emt 0:00:01]} 5. Bd2 {[%emt 0:00:02]} c5 {[%emt 0:00:01]} 6. dxc5 {[%emt 0:
00:04]} Bxc5 {[%emt 0:00:01]} 7. a3 {[%emt 0:00:01]} a5 {[%emt 0:00:01]} 8. Nf3
{[%emt 0:00:14]} O-O {[%emt 0:00:02]} 9. Nd4 {[%emt 0:00:10]} Nc6 {[%emt 0:00:
06]} 10. Nb3 {[%emt 0:00:03]} Ba7 {[%emt 0:00:03]} 11. Na4 {[%emt 0:00:09]} Qe7
{[%emt 0:00:17]} 12. Nxa5 {[%emt 0:00:12]} Nxa5 {[%emt 0:00:09]} 13. Bxa5 {
[%emt 0:00:07]} Bxe3 {[%emt 0:00:09]} 14. Bb4 {[%emt 0:00:04]} Bxf2+ {[%emt 0:
00:15]} 15. Kxf2 {[%emt 0:00:04]} Ne4+ {[%emt 0:00:02]} 16. Kg1 {[%emt 0:00:12]
} Qh4 {[%emt 0:00:05]} 17. Qe2 {[%emt 0:00:19]} Re8 {[%emt 0:00:23]} 18. Nc3 {
[%emt 0:00:08]} Nf6 {[%emt 0:00:10]} 19. Qf2 {[%emt 0:00:17]} Qg5 {[%emt 0:00:
10]} 20. g3 {[%emt 0:00:05]} dxc4 {[%emt 0:00:09]} 21. Bxc4 {[%emt 0:00:04]} b6
{[%emt 0:00:05]} 22. Be2 {[%emt 0:00:19]} Bb7 {[%emt 0:00:04]} 23. Bf3 {[%emt
0:00:04]} Ng4 {[%emt 0:00:11]} 24. Qe2 {[%emt 0:00:07]} Bxf3 {[%emt 0:00:14]}
25. Qxf3 {[%emt 0:00:02]} Ne5 {[%emt 0:00:02]} 26. Qf2 {[%emt 0:00:04]} Rad8 {
[%emt 0:00:04]} 27. Qxb6 {[%emt 0:00:17]} Rd3 {[%emt 0:00:17]} 28. Qf2 {[%emt
0:00:10]} Red8 {[%emt 0:00:05]} 29. Ne4 {[%emt 0:00:05]} Qg4 {[%emt 0:00:15]}
30. Kg2 {[%emt 0:00:06]} Qxe4+ {[%emt 0:00:04]} 31. Kg1 {[%emt 0:00:13]} Rd1+ {
[%emt 0:00:09]} 32. Rxd1 {[%emt 0:00:04]} Rxd1+ {[%emt 0:00:01] Krondor resigns
} 0-1

[Event "Villarobledo Online Qualifyer"]
[Site "playchess.com #155672"]
[Date "2009.05.23"]
[Round "12"]
[White "Dellacasa"]
[Black "Freuds"]
[Result "0-1"]
[WhiteElo "1375"]
[BlackElo "1471"]
[PlyCount "74"]
[EventDate "2009.05.23"]
[EventType "swiss (blitz)"]

1. d4 {[%emt 0:00:01]} Nf6 {[%emt 0:00:02]} 2. c4 {[%emt 0:00:02]} e6 {[%emt 0:
00:01]} 3. Nc3 {[%emt 0:00:02]} Bb4 {[%emt 0:00:02]} 4. a3 {[%emt 0:00:01]}
Bxc3+ {[%emt 0:00:02]} 5. bxc3 {[%emt 0:00:01]} d5 {[%emt 0:00:00]} 6. cxd5 {
[%emt 0:00:06]} Nxd5 {[%emt 0:00:04]} 7. Qc2 {[%emt 0:00:06]} c5 {[%emt 0:00:
02]} 8. e3 {[%emt 0:00:05]} cxd4 {[%emt 0:00:03]} 9. cxd4 {[%emt 0:00:06]} O-O
{[%emt 0:00:04]} 10. Nf3 {[%emt 0:00:04]} Nd7 {[%emt 0:00:05]} 11. Bc4 {[%emt
0:00:06]} N7f6 {[%emt 0:00:04]} 12. O-O {[%emt 0:00:03]} Bd7 {[%emt 0:00:07]}
13. Bxd5 {[%emt 0:00:09]} Nxd5 {[%emt 0:00:03]} 14. h4 {[%emt 0:00:03]} Bc6 {
[%emt 0:00:01]} 15. Ng5 {[%emt 0:00:07]} Nf6 {[%emt 0:00:02]} 16. Rd1 {[%emt 0:
00:15]} h6 {[%emt 0:00:06]} 17. Nf3 {[%emt 0:00:06]} Qd5 {[%emt 0:00:11]} 18.
Qa2 {[%emt 0:00:20]} Qe4 {[%emt 0:00:06]} 19. Rd2 {[%emt 0:00:15]} Bd5 {[%emt
0:00:06]} 20. Qc2 {[%emt 0:00:09]} Qg4 {[%emt 0:00:02]} 21. Qd1 {[%emt 0:00:10]
} Ne4 {[%emt 0:00:26]} 22. Rc2 {[%emt 0:00:14]} Rab8 {[%emt 0:00:09]} 23. Bd2 {
[%emt 0:00:25]} Rbc8 {[%emt 0:00:07]} 24. Ne1 {[%emt 0:00:16]} Qxh4 {[%emt 0:
00:06]} 25. Rxc8 {[%emt 0:00:05]} Rxc8 {[%emt 0:00:03]} 26. Nf3 {[%emt 0:00:15]
} Qxf2+ {[%emt 0:00:03]} 27. Kh1 {[%emt 0:00:04]} Ng3+ {[%emt 0:00:01]} 28. Kh2
{[%emt 0:00:03]} Nh5 {[%emt 0:00:37] '} 29. Be1 {[%emt 0:00:05]} Qxe3 {[%emt 0:
00:03]} 30. Bg3 {[%emt 0:00:09]} Nxg3 {[%emt 0:00:03]} 31. Kxg3 {[%emt 0:00:01]
} Rc3 {[%emt 0:00:05]} 32. Qf1 {[%emt 0:00:03]} Bxf3 {[%emt 0:00:02]} 33. Qxf3
{[%emt 0:00:03]} Qg5+ {[%emt 0:00:01]} 34. Kf2 {[%emt 0:00:04]} Rxf3+ {[%emt 0:
00:02]} 35. gxf3 {[%emt 0:00:01]} Qd2+ {[%emt 0:00:02]} 36. Kg3 {[%emt 0:00:02]
} Qxd4 {[%emt 0:00:02]} 37. Rg1 {[%emt 0:00:06]} Qxg1+ {[%emt 0:00:02]
Dellacasa rinde} 0-1

[Event "Villarobledo Online Qualifyer"]
[Site "playchess.com #155672"]
[Date "2009.05.23"]
[Round "12"]
[White "Q2w3e"]
[Black "Too Easy"]
[Result "0-1"]
[WhiteElo "1581"]
[BlackElo "1602"]
[PlyCount "80"]
[EventDate "2009.05.23"]
[EventType "swiss (blitz)"]

1. c4 {[%emt 0:00:01]} Nf6 {[%emt 0:00:01]} 2. Nc3 {[%emt 0:00:01]} d5 {[%emt
0:00:01]} 3. cxd5 {[%emt 0:00:02]} Nxd5 {[%emt 0:00:01]} 4. g3 {[%emt 0:00:00]}
g6 {[%emt 0:00:01]} 5. Bg2 {[%emt 0:00:03]} Nb6 {[%emt 0:00:01]} 6. Nf3 {[%emt
0:00:02]} Bg7 {[%emt 0:00:01]} 7. O-O {[%emt 0:00:02]} O-O {[%emt 0:00:01]} 8.
d4 {[%emt 0:00:02]} Nc6 {[%emt 0:00:11]} 9. e3 {[%emt 0:00:32]} Bg4 {[%emt 0:
00:02]} 10. h3 {[%emt 0:00:03]} Bf5 {[%emt 0:00:02]} 11. a3 {[%emt 0:00:19]}
Nd5 {[%emt 0:00:02]} 12. Nxd5 {[%emt 0:00:01]} Qxd5 {[%emt 0:00:01]} 13. Nd2 {
[%emt 0:00:23]} Qd7 {[%emt 0:00:02]} 14. Kh2 {[%emt 0:00:10]} Rfd8 {[%emt 0:00:
12]} 15. e4 {[%emt 0:00:09]} Bxe4 {[%emt 0:00:26]} 16. Nxe4 {[%emt 0:00:00]}
Nxd4 {[%emt 0:00:01]} 17. Be3 {[%emt 0:00:15]} e5 {[%emt 0:00:02]} 18. Rc1 {
[%emt 0:00:08]} b6 {[%emt 0:00:16]} 19. Nc3 {[%emt 0:01:00]} Rac8 {[%emt 0:00:
02]} 20. Bb7 {[%emt 0:00:19]} Rb8 {[%emt 0:00:02]} 21. Bg2 {[%emt 0:00:03]} c5
{[%emt 0:00:00]} 22. b4 {[%emt 0:00:01]} Rbc8 {[%emt 0:00:10] '} 23. bxc5 {
[%emt 0:00:01]} bxc5 {[%emt 0:00:00]} 24. Ne4 {[%emt 0:00:02]} Qe7 {[%emt 0:00:
13]} 25. Bg5 {[%emt 0:00:06]} f6 {[%emt 0:00:00]} 26. Be3 {[%emt 0:00:01]} h6 {
[%emt 0:00:04]} 27. h4 {[%emt 0:00:01]} f5 {[%emt 0:00:00]} 28. Nc3 {[%emt 0:
00:04]} f4 {[%emt 0:00:03]} 29. gxf4 {[%emt 0:00:02]} Qxh4+ {[%emt 0:00:00]}
30. Kg1 {[%emt 0:00:01]} exf4 {[%emt 0:00:03]} 31. Bxd4 {[%emt 0:00:02]} Rxd4 {
[%emt 0:00:02]} 32. Qf3 {[%emt 0:00:02]} Rcd8 {[%emt 0:00:33]} 33. Ne2 {[%emt
0:00:01]} Rd3 {[%emt 0:00:01]} 34. Qc6 {[%emt 0:00:04]} f3 {[%emt 0:00:10]} 35.
Qe6+ {[%emt 0:00:02]} Kh7 {[%emt 0:00:01]} 36. Bxf3 {[%emt 0:00:03]} Rxf3 {
[%emt 0:00:02]} 37. Ng3 {[%emt 0:00:01]} Rdf8 {[%emt 0:00:08]} 38. Rxc5 {[%emt
0:00:02]} Rxg3+ {[%emt 0:00:04]} 39. fxg3 {[%emt 0:00:01]} Qxg3+ {[%emt 0:00:
00]} 40. Kh1 {[%emt 0:00:00]} Rxf1# {[%emt 0:00:01]} 0-1

[Event "Villarobledo Online Qualifyer"]
[Site "playchess.com #155672"]
[Date "2009.05.23"]
[Round "12"]
[White "Ajaraisk"]
[Black "Maguljica"]
[Result "0-1"]
[WhiteElo "2215"]
[BlackElo "2220"]
[PlyCount "90"]
[EventDate "2009.05.23"]
[EventType "swiss (blitz)"]

1. e4 {[%emt 0:00:05]} c5 {[%emt 0:00:02]} 2. Nf3 {[%emt 0:00:01]} d6 {[%emt 0:
00:01]} 3. d4 {[%emt 0:00:01]} cxd4 {[%emt 0:00:00]} 4. Qxd4 {[%emt 0:00:00]}
Nc6 {[%emt 0:00:02]} 5. Bb5 {[%emt 0:00:01]} Bd7 {[%emt 0:00:00]} 6. Bxc6 {
[%emt 0:00:01]} bxc6 {[%emt 0:00:01]} 7. c4 {[%emt 0:00:01]} e6 {[%emt 0:00:04]
} 8. Bg5 {[%emt 0:00:05]} Qb6 {[%emt 0:00:18]} 9. Qd2 {[%emt 0:00:13]} Nf6 {
[%emt 0:00:06]} 10. Nc3 {[%emt 0:00:03]} h6 {[%emt 0:00:14]} 11. Bh4 {[%emt 0:
00:03]} g5 {[%emt 0:00:09]} 12. Bg3 {[%emt 0:00:01]} e5 {[%emt 0:00:02]} 13.
O-O {[%emt 0:00:07]} Be7 {[%emt 0:00:03]} 14. b3 {[%emt 0:00:10]} Bg4 {[%emt 0:
00:16]} 15. Ne1 {[%emt 0:00:08]} Qd4 {[%emt 0:00:06]} 16. Qc2 {[%emt 0:00:22]}
Nh5 {[%emt 0:00:08]} 17. Qd3 {[%emt 0:00:43]} Qb6 {[%emt 0:00:39]} 18. h3 {
[%emt 0:00:03]} Be6 {[%emt 0:00:10]} 19. Na4 {[%emt 0:00:10]} Qa5 {[%emt 0:00:
05]} 20. Rd1 {[%emt 0:00:05]} Nf4 {[%emt 0:00:06]} 21. Bxf4 {[%emt 0:00:03]}
gxf4 {[%emt 0:00:00]} 22. Nf3 {[%emt 0:00:09]} Rg8 {[%emt 0:00:03]} 23. Kh2 {
[%emt 0:00:00]} Rd8 {[%emt 0:00:11]} 24. Qc3 {[%emt 0:00:07]} Qxc3 {[%emt 0:00:
05]} 25. Nxc3 {[%emt 0:00:00]} f5 {[%emt 0:00:03]} 26. c5 {[%emt 0:00:06]} fxe4
{[%emt 0:00:12]} 27. Nxe4 {[%emt 0:00:10]} d5 {[%emt 0:00:02]} 28. Nd6+ {[%emt
0:00:02]} Bxd6 {[%emt 0:00:02]} 29. cxd6 {[%emt 0:00:00]} e4 {[%emt 0:00:01]}
30. Nd4 {[%emt 0:00:01]} Kd7 {[%emt 0:00:02]} 31. Ne2 {[%emt 0:00:13]} Rgf8 {
[%emt 0:00:02]} 32. Nc3 {[%emt 0:00:05]} Rf5 {[%emt 0:00:07]} 33. Rfe1 {[%emt
0:00:03]} f3 {[%emt 0:00:02]} 34. g4 {[%emt 0:00:05]} Rf4 {[%emt 0:00:01]} 35.
Kg3 {[%emt 0:00:08]} Rdf8 {[%emt 0:00:01]} 36. Rd2 {[%emt 0:00:10]} h5 {[%emt
0:00:01]} 37. gxh5 {[%emt 0:00:03]} R4f5 {[%emt 0:00:02]} 38. Na4 {[%emt 0:00:
12]} Rg8+ {[%emt 0:00:02]} 39. Kh2 {[%emt 0:00:01]} Rg2+ {[%emt 0:00:03]} 40.
Kh1 {[%emt 0:00:02]} Rxh5 {[%emt 0:00:01]} 41. Nc5+ {[%emt 0:00:00]} Kxd6 {
[%emt 0:00:11]} 42. Nxe4+ {[%emt 0:00:01]} Ke7 {[%emt 0:00:03]} 43. Ng5 {[%emt
0:00:12]} Rhxg5 {[%emt 0:00:03]} 44. Re3 {[%emt 0:00:01]} Rg1+ {[%emt 0:00:05]}
45. Kh2 {[%emt 0:00:02]} R5g2# {[%emt 0:00:01]} 0-1

[Event "Villarobledo Online Qualifyer"]
[Site "playchess.com #155672"]
[Date "2009.05.23"]
[Round "12"]
[White "Cemcakan3"]
[Black "Orzechowski_Jac"]
[Result "0-1"]
[WhiteElo "2190"]
[BlackElo "2254"]
[PlyCount "100"]
[EventDate "2009.05.23"]
[EventType "swiss (blitz)"]

1. d4 {[%emt 0:00:01]} Nf6 {[%emt 0:00:15]} 2. c4 {[%emt 0:00:01]} c5 {[%emt 0:
00:01]} 3. d5 {[%emt 0:00:01]} g6 {[%emt 0:00:01]} 4. Nc3 {[%emt 0:00:02]} Bg7
{[%emt 0:00:00]} 5. e4 {[%emt 0:00:01]} d6 {[%emt 0:00:00]} 6. h3 {[%emt 0:00:
00]} O-O {[%emt 0:00:01]} 7. Bd3 {[%emt 0:00:02]} e6 {[%emt 0:00:01]} 8. Nf3 {
[%emt 0:00:02]} Na6 {[%emt 0:00:01]} 9. O-O {[%emt 0:00:03]} e5 {[%emt 0:00:01]
} 10. Bc2 {[%emt 0:00:16]} h6 {[%emt 0:00:04]} 11. Ne1 {[%emt 0:00:02]} Nh7 {
[%emt 0:00:06]} 12. Nd3 {[%emt 0:00:02]} f5 {[%emt 0:00:05]} 13. f4 {[%emt 0:
00:04]} exf4 {[%emt 0:00:39]} 14. Nxf4 {[%emt 0:00:04]} g5 {[%emt 0:00:22]} 15.
Ng6 {[%emt 0:00:01]} Bd4+ {[%emt 0:00:16]} 16. Kh1 {[%emt 0:00:03]} f4 {[%emt
0:00:09]} 17. e5 {[%emt 0:00:21]} dxe5 {[%emt 0:00:14]} 18. Qd3 {[%emt 0:00:03]
} Bf5 {[%emt 0:00:10]} 19. Qd2 {[%emt 0:00:01]} Bxc2 {[%emt 0:00:23]} 20. Qxc2
{[%emt 0:00:00]} Rf6 {[%emt 0:00:06]} 21. Nb5 {[%emt 0:00:07]} Qe8 {[%emt 0:00:
11]} 22. Nxd4 {[%emt 0:00:35]} cxd4 {[%emt 0:00:04]} 23. Nxe5 {[%emt 0:00:12]}
Qxe5 {[%emt 0:00:02]} 24. Bd2 {[%emt 0:00:00]} f3 {[%emt 0:00:07]} 25. Rxf3 {
[%emt 0:00:11]} Rxf3 {[%emt 0:00:05]} 26. Qg6+ {[%emt 0:00:05]} Kh8 {[%emt 0:
00:04]} 27. gxf3 {[%emt 0:00:02]} Qg3 {[%emt 0:00:06]} 28. Qh5 {[%emt 0:00:27]
.} Rf8 {[%emt 0:00:10]} 29. Rf1 {[%emt 0:00:07]} Kg7 {[%emt 0:00:08]} 30. Be1 {
[%emt 0:00:06]} Nf6 {[%emt 0:00:03]} 31. Qxh6+ {[%emt 0:00:12]} Kxh6 {[%emt 0:
00:01]} 32. Bxg3 {[%emt 0:00:00]} Nh5 {[%emt 0:00:01]} 33. Be5 {[%emt 0:00:05]}
d3 {[%emt 0:00:01]} 34. Kg2 {[%emt 0:00:02]} Nf4+ {[%emt 0:00:01]} 35. Bxf4 {
[%emt 0:00:04]} Rxf4 {[%emt 0:00:02]} 36. b3 {[%emt 0:00:01]} Rd4 {[%emt 0:00:
01]} 37. Rd1 {[%emt 0:00:01]} Nb4 {[%emt 0:00:01]} 38. a3 {[%emt 0:00:05]} Nc2
{[%emt 0:00:02]} 39. a4 {[%emt 0:00:03]} Ne3+ {[%emt 0:00:04]} 40. Kf2 {[%emt
0:00:00]} Nxd1+ {[%emt 0:00:01]} 41. Ke1 {[%emt 0:00:00]} d2+ {[%emt 0:00:01]}
42. Kxd1 {[%emt 0:00:01]} Kg6 {[%emt 0:00:01]} 43. b4 {[%emt 0:00:04]} Kf5 {
[%emt 0:00:01]} 44. c5 {[%emt 0:00:01]} Rxd5 {[%emt 0:00:02]} 45. b5 {[%emt 0:
00:01]} Kf4 {[%emt 0:00:01]} 46. c6 {[%emt 0:00:01]} bxc6 {[%emt 0:00:01]} 47.
bxc6 {[%emt 0:00:00]} Ke3 {[%emt 0:00:02]} 48. c7 {[%emt 0:00:01]} Rc5 {[%emt
0:00:01]} 49. c8=Q {[%emt 0:00:04]} Rxc8 {[%emt 0:00:01]} 50. a5 {[%emt 0:00:
00]} Rc1# {[%emt 0:00:01]} 0-1